Top 15 Countries with Covid-19 Deaths - 9 March 2022 - Statistics

General Stats
  • This quiz has been taken 34 times
  • The average score is 13 of 26
Answer Stats
country % Correct
United States
100%
Russia
97%
United Kingdom
97%
France
93%
Germany
93%
India
93%
Brazil
86%
Mexico
86%
Italy
83%
Argentina
72%
Iran
55%
Peru
55%
Colombia
52%
Indonesia
52%
Poland
48%
Czechia
28%
Hungary
21%
Romania
21%
Slovakia
21%
Slovenia
21%
Bulgaria
17%
Croatia
14%
Bosnia and Herzegovina
10%
Lithuania
10%
Georgia
7%
North Macedonia
3%
No matching quizzes found
Score Distribution
Percent of People with Each Score
Percentile by Number Answered
Your Score History
You have not taken this quiz